<?xml version="1.0" encoding="UTF-8"?>
<record
    xmlns:xsi="http://www.w3.org/2001/XMLSchema-instance"
    xsi:schemaLocation="http://www.loc.gov/MARC21/slim http://www.loc.gov/standards/marcxml/schema/MARC21slim.xsd"
    xmlns="http://www.loc.gov/MARC21/slim">

  <leader>00952nam a2200289 a 4500</leader>
  <controlfield tag="001">ASIN0691003041</controlfield>
  <controlfield tag="003">OSt</controlfield>
  <controlfield tag="005">20180116192416.0</controlfield>
  <controlfield tag="008">130723s1985    xxu                 eng d</controlfield>
  <datafield tag="020" ind1=" " ind2=" ">
    <subfield code="a">0691003041 (paperback)</subfield>
    <subfield code="c">$15.95</subfield>
  </datafield>
  <datafield tag="020" ind1=" " ind2=" ">
    <subfield code="a">9780691003047 (paperback)</subfield>
  </datafield>
  <datafield tag="040" ind1=" " ind2=" ">
    <subfield code="c">Del</subfield>
  </datafield>
  <datafield tag="050" ind1="0" ind2="4">
    <subfield code="a">NA2890</subfield>
  </datafield>
  <datafield tag="082" ind1="0" ind2="4">
    <subfield code="a">721.46</subfield>
  </datafield>
  <datafield tag="100" ind1="1" ind2=" ">
    <subfield code="a">Smith, E. Baldwin.</subfield>
    <subfield code="9">6686</subfield>
  </datafield>
  <datafield tag="245" ind1="1" ind2="4">
    <subfield code="a">The dome :</subfield>
    <subfield code="b">a study in the history of ideas /</subfield>
    <subfield code="c">E. Baldwin Smith.</subfield>
  </datafield>
  <datafield tag="250" ind1=" " ind2=" ">
    <subfield code="a">1st ed.</subfield>
  </datafield>
  <datafield tag="260" ind1=" " ind2=" ">
    <subfield code="a">Princeton, :</subfield>
    <subfield code="a">New Jersey, :</subfield>
    <subfield code="b">Princeton Univ Pr,</subfield>
    <subfield code="c">1978.</subfield>
  </datafield>
  <datafield tag="300" ind1=" " ind2=" ">
    <subfield code="a">216 p. ;</subfield>
    <subfield code="c">29 cm.</subfield>
  </datafield>
  <datafield tag="490" ind1="1" ind2=" ">
    <subfield code="a">Monographs in art &amp; archaeology.</subfield>
  </datafield>
  <datafield tag="650" ind1=" " ind2="0">
    <subfield code="a">Architecture, Byzantine</subfield>
    <subfield code="9">6687</subfield>
  </datafield>
  <datafield tag="650" ind1=" " ind2="0">
    <subfield code="a">Domes</subfield>
    <subfield code="9">6688</subfield>
  </datafield>
  <datafield tag="830" ind1=" " ind2="0">
    <subfield code="a">Monographs in art &amp; archaeology.</subfield>
    <subfield code="9">6689</subfield>
  </datafield>
  <datafield tag="856" ind1="4" ind2="0">
    <subfield code="3">Amazon.com</subfield>
    <subfield code="u">http://www.amazon.com/exec/obidos/ASIN/0691003041/chopaconline-20</subfield>
  </datafield>
  <datafield tag="942" ind1=" " ind2=" ">
    <subfield code="2">ddc</subfield>
    <subfield code="c">BK</subfield>
  </datafield>
  <datafield tag="999" ind1=" " ind2=" ">
    <subfield code="c">353733</subfield>
    <subfield code="d">353733</subfield>
  </datafield>
  <datafield tag="952" ind1=" " ind2=" ">
    <subfield code="0">0</subfield>
    <subfield code="1">0</subfield>
    <subfield code="2">ddc</subfield>
    <subfield code="4">0</subfield>
    <subfield code="7">0</subfield>
    <subfield code="a">SADA</subfield>
    <subfield code="b">SADA</subfield>
    <subfield code="d">2013-07-18</subfield>
    <subfield code="l">1</subfield>
    <subfield code="o">721.46 SMI 1978</subfield>
    <subfield code="p">SADA0002107</subfield>
    <subfield code="r">2014-12-04</subfield>
    <subfield code="s">2014-12-03</subfield>
    <subfield code="t">1</subfield>
    <subfield code="v">777.72</subfield>
    <subfield code="w">2013-07-23</subfield>
    <subfield code="y">BK</subfield>
  </datafield>
</record>
